000 00486nam a2200181Ia 4500
001 20131
005 20260306172743.0
008 260306t2017||||xx |||||||||||||| ||spa||
041 _aESP
082 _a342.52
_bB94
100 _aBurneo Labrín, José
_eAUT
245 0 _aDerecho penal internacional:
_bgenealogía de los crímenes internacionales más graves
260 _c2017
300 _a368 páginas :
_c20 cm.
650 _aGEN
654 _aCDE
942 _cLIB
_dJUS
_fJUS
_2ddc
_n
999 _c20131
_d20131